000 00830nam a2200241 i 4500
003 DO-SdBNP
005 20240905133853.0
007 ta
008 240905b1944 dr |||| |||| 00| 0 spa d
040 _aDO-SdBNP
_bspa
_cBNPHU
_erda
082 4 _222
100 _aHenríquez I Carvajal, Federico,
_eautor
_4aut.
_954693
245 1 0 _aDuarte :
_bproceres, heroes i martires de la independencia /
_cFederico Henríquez i Carvajal
264 4 _aSanto Domingo :
_bEdiciones de la Academia Dominicana de la Historia,
_c1944.
300 _a343 páginas ;
_c21 cm.
336 _atexto
_btxt
_2rdacontent
337 _asin mediación
_bn
_2rdamedia
338 _avolumen
_bnc
_2rdacarrier
500 _aCentenario de la Independencia de la República Dominicana
590 _aInventariado, 2024/BT
910 _aBtavárez
942 _2ddc
_cLBS1
999 _c57635
_d57635